A kaleidoscopic vision of Jonathan Swift in Gulliver's travels/ (Record no. 40395)

MARC details
000 -LEADER
fixed length control field 00723nam a22002057a 4500
005 - DATE AND TIME OF LATEST TRANSACTION
control field 20100809145739.0
010 ## - LCCN (DPL NO)
LC control number ENG-99100
020 ## - INTERNATIONAL STANDARD BOOK NUMBER
International Standard Book Number 9788190909235
Terms of availability 100.00
035 ## - SYSTEM CONTROL NUMBER
System control number EN-82632s
037 ## - SOURCE OF ACQUISITION
Source of stock number/acquisition DBAD/PUB
082 ## - DEWEY DECIMAL CLASSIFICATION NUMBER
Classification number S
100 ## - MAIN ENTRY--PERSONAL NAME
Personal name Chitralekha,D.
245 ## - TITLE STATEMENT
Title A kaleidoscopic vision of Jonathan Swift in Gulliver's travels/
Statement of responsibility, etc by D.Chitralekha
260 ## - PUBLICATION, DISTRIBUTION, ETC. (IMPRINT)
Place of publication, distribution, etc Maduravayal
Name of publisher, distributor, etc Duvaraga Publication
Date of publication, distribution, etc 2009
270 ## - ADDRESS
Address 1,Valli Street,Karthikeyan Nagar
City Chennai
Postal code 95
300 ## - PHYSICAL DESCRIPTION
Extent 153p.
Dimensions 20cm (pbk)
500 ## - GENERAL NOTE
General note Includes bibliographical references
942 ## - ADDED ENTRY ELEMENTS (KOHA)
Source of classification or shelving scheme Dewey Decimal Classification
Item type English Books
Classification part S
Call number suffix CHI
Holdings
Withdrawn status Lost status Not for loan Collection code Home library Current library Date acquired Source of acquisition Cost, normal purchase price Full call number Barcode Copy number Cost, replacement price Koha item type
    Not For Loan Fiction D.B.Act.Division D.B.Act.Division 09/08/2010 DBAD/PUB 100.00 S CHI EN-82632 1 100.00 English Books

© Delhi Public Library
Hit Counter
free hit counter